Biblioteca y Centro de Documentación

Vista normal Vista MARC

Entrada Nombre personal

Número de registros utilizados en: 6

001 - NÚMERO DE CONTROL

  • Campo de control: 5894

003 - IDENTIFICADOR DE NÚMERO DE CONTROL

  • Campo de control: ES-MaCES

005 - FECHA Y HORA DE LA ULTIMA MODIFICACION

  • Campo de control: 20051103141000.0

008 - ELEMENTOS DE DATOS DE LONGITUD FIJA

  • Campo de longitud fija: 020925 | azznnaabn |n aaa d

035 ## - NÚMERO DE CONTROL DEL SISTEMA

  • Número de control del sistema: CES20020006679n

040 ## - FUENTE DE LA CATALOGACIÓN

  • Agencia original de catalogación: ES-MaCES
  • Idioma de catalogación: spa
  • Agencia de transcripción: ES-MaCES

100 1# - ENCABEZAMIENTO--NOMBRE DE PERSONA

  • Nombre personal: Alemañ Cano, Jaime

670 ## - FUENTE DE DATOS ENCONTRADOS

  • Fuente de citación: Biblioteca Nacional

901 ## - CES. DATOS SIRTEX

  • ID Sirtex (N5N8): 0001500012763
  • 005BIS Sirtex: 200209251713VMORALES
© CES, Consejo Económico y Social de España 2021